Fragments arabes et persans inédits relatifs a l'Inde (Record no. 54519)
[ view plain ]
| 000 -LEADER | |
|---|---|
| campo de control de longitud fija | 01002nam a2200193 i 4500 |
| 001 - NÚMERO DE CONTROL | |
| campo de control | 54519 |
| 003 - IDENTIFICADOR DE NÚMERO DE CONTROL | |
| campo de control | ES-MaACL |
| 005 - FECHA Y HORA DE LA ÚLTIMA TRANSACCIÓN | |
| campo de control | 20230906162952.0 |
| 007 - CAMPO FIJO DE DESCRIPCIÓN FÍSICA--INFORMACIÓN GENERAL | |
| campo de control de longitud fija | t| |
| 008 - DATOS DE LONGITUD FIJA--INFORMACIÓN GENERAL | |
| campo de control de longitud fija | 960723s1845 fr ||||1| fre d |
| 040 ## - FUENTE DE CATALOGACIÓN | |
| Centro catalogador/agencia de origen | CAM |
| Lengua de catalogación | spa |
| Centro/agencia transcriptor | CAM |
| 245 00 - MENCIÓN DEL TÍTULO | |
| Título | Fragments arabes et persans inédits relatifs a l'Inde |
| Resto del título | : antérieurement au XIe siècle de l'ère chrétienne / |
| Mención de responsabilidad, etc. | recueillis par M. Reinaud. |
| 260 ## - PUBLICACIÓN, DISTRIBUCIÓN, ETC. | |
| Lugar de publicación, distribución, etc. | Paris : |
| Nombre del editor, distribuidor, etc. | Imprimerie Royale, |
| Fecha de publicación, distribución, etc. | 1845. |
| 300 ## - DESCRIPCIÓN FÍSICA | |
| Extensión | XXXV, 227 p. ; |
| Dimensiones | 22 cm. |
| 505 8# - NOTA DE CONTENIDO CON FORMATO | |
| Nota de contenido con formato | Contiene: Préface. - nº. I. Extrait du Modjmel-altevarykii. - nº. II. Extrait du Schah-Nameh [de Ferdoussy]--nº. III. Extrait de l'ouvrage d'Albyrouny sur l'Inde. - nº. IV. Extrait de l'ouvrage d'Albyrouny sur l'Inde. - nº. V. Fragment de Beladori. - Lettre à M. Reinaud ... au sujet des monnaies des rois de Caboul (signed Adrien de Longpérier |
| 651 #4 - PUNTO DE ACCESO ADICIONAL DE MATERIA--NOMBRE GEOGRÁFICO | |
| Nombre geográfico | India- |
| Subdivisión general | Descripción- |
| Subdivisión de forma | Obras anteriores a 1800. |
| 9 (RLIN) | 152346 |
| 700 1# - ENTRADA AGREGADA--NOMBRE PERSONAL | |
| Nombre de persona | Reinaud, Joseph Toussaint. |
| 9 (RLIN) | 131675 |
| 852 ## - LOCALIZACIÓN | |
| Ubicación | ES-MaACL |
| Número de control de estantería | G-12340 |
| Estatus retirado | Estado de pérdida | Estado de daño | No para préstamo | Colección | Biblioteca de origen | Biblioteca actual | Ubicación en estantería | Fecha de adquisición | Fuente de adquisición | Total de préstamos | Signatura topográfica completa | Código de barras | Visto por última vez | Precio de reemplazo | Tipo de ítem Koha |
|---|---|---|---|---|---|---|---|---|---|---|---|---|---|---|---|
| Libros del s. XIX | Biblioteca del Ateneo de Madrid | Biblioteca del Ateneo de Madrid | Sala Pecera Planta 3 | 17/01/2008 | G-12340 | 1057290 | 23/02/2023 | 23/02/2023 | Libro impreso antiguo |
